<?xml version="1.0" encoding="UTF-8"?>
<record
    xmlns:xsi="http://www.w3.org/2001/XMLSchema-instance"
    xsi:schemaLocation="http://www.loc.gov/MARC21/slim http://www.loc.gov/standards/marcxml/schema/MARC21slim.xsd"
    xmlns="http://www.loc.gov/MARC21/slim">

  <leader>01333nam a2200337 i 4500</leader>
  <datafield tag="952" ind1=" " ind2=" ">
    <subfield code="0">0</subfield>
    <subfield code="1">0</subfield>
    <subfield code="2">ddc</subfield>
    <subfield code="4">0</subfield>
    <subfield code="7">0</subfield>
    <subfield code="8">GEN</subfield>
    <subfield code="a">FUSBC</subfield>
    <subfield code="b">FUSBC</subfield>
    <subfield code="d">2019-04-12</subfield>
    <subfield code="e">Donaci&#xF3;n</subfield>
    <subfield code="l">2</subfield>
    <subfield code="o">G 224.061 C915f</subfield>
    <subfield code="p">12615</subfield>
    <subfield code="r">2024-08-26 00:00:00</subfield>
    <subfield code="s">2024-04-04</subfield>
    <subfield code="t">Ej. 1</subfield>
    <subfield code="w">2019-04-12</subfield>
    <subfield code="y">BK</subfield>
    <subfield code="I">INV2023</subfield>
  </datafield>
  <datafield tag="999" ind1=" " ind2=" ">
    <subfield code="c">64944</subfield>
    <subfield code="d">64944</subfield>
  </datafield>
  <controlfield tag="001">768714001</controlfield>
  <controlfield tag="003">CO-MdFUSB</controlfield>
  <controlfield tag="005">20190415120658.0</controlfield>
  <controlfield tag="008">190412t1986    sp  |||| |||| 00| 0 spa d</controlfield>
  <datafield tag="020" ind1=" " ind2=" ">
    <subfield code="a">8433006754</subfield>
  </datafield>
  <datafield tag="040" ind1=" " ind2=" ">
    <subfield code="a">CO-MdFUSB</subfield>
    <subfield code="b">spa</subfield>
    <subfield code="c">CO-MdFUSB</subfield>
    <subfield code="d">CO-MdFUSBC</subfield>
    <subfield code="e">rda</subfield>
  </datafield>
  <datafield tag="041" ind1=" " ind2=" ">
    <subfield code="a">spa</subfield>
  </datafield>
  <datafield tag="082" ind1=" " ind2=" ">
    <subfield code="2">22</subfield>
    <subfield code="a">224.061</subfield>
    <subfield code="b">C915</subfield>
  </datafield>
  <datafield tag="100" ind1="1" ind2=" ">
    <subfield code="a">Crenshaw, James L.</subfield>
    <subfield code="e">autor.</subfield>
  </datafield>
  <datafield tag="240" ind1=" " ind2=" ">
    <subfield code="a">Prophetic conflict</subfield>
  </datafield>
  <datafield tag="245" ind1="1" ind2="4">
    <subfield code="a">Los falsos profetas : </subfield>
    <subfield code="b">Conflicto en la religi&#xF3;n de Israel </subfield>
    <subfield code="c">/ James L, Crenshaw</subfield>
  </datafield>
  <datafield tag="264" ind1=" " ind2="1">
    <subfield code="a">Bilbao, Espa&#xF1;a : </subfield>
    <subfield code="b">Descl&#xE9;e de Brouwer, </subfield>
    <subfield code="c">[1986]</subfield>
  </datafield>
  <datafield tag="264" ind1=" " ind2="4">
    <subfield code="c">&#xA9;1986</subfield>
  </datafield>
  <datafield tag="300" ind1=" " ind2=" ">
    <subfield code="a">183 p&#xE1;ginas</subfield>
    <subfield code="c">; 21 cm</subfield>
  </datafield>
  <datafield tag="336" ind1=" " ind2=" ">
    <subfield code="2">rdacontent</subfield>
    <subfield code="a">texto</subfield>
    <subfield code="b">txt</subfield>
  </datafield>
  <datafield tag="337" ind1=" " ind2=" ">
    <subfield code="2">rdamedia</subfield>
    <subfield code="a">sin mediaci&#xF3;n</subfield>
    <subfield code="b">n</subfield>
  </datafield>
  <datafield tag="338" ind1=" " ind2=" ">
    <subfield code="2">rdacarrier</subfield>
    <subfield code="a">volumen</subfield>
    <subfield code="b">nc</subfield>
  </datafield>
  <datafield tag="504" ind1=" " ind2=" ">
    <subfield code="a">(Incluye bibliograf&#xED;a (p&#xE1;ginas 175-179)</subfield>
  </datafield>
  <datafield tag="505" ind1=" " ind2=" ">
    <subfield code="g">CAPITULO 1:</subfield>
    <subfield code="t">El drama abierto de la investigaci&#xF3;n.</subfield>
    <subfield code="g">CAPITULO 2:</subfield>
    <subfield code="t">La crisis de fe.</subfield>
    <subfield code="g">CAPITULO 3:</subfield>
    <subfield code="t">La incapacidad prof&#xE9;tica para afrontar el desaf&#xED;o.</subfield>
    <subfield code="g">CAPITULO 4:
</subfield>
    <subfield code="t">La profec&#xED;a falsa es inevitable.</subfield>
    <subfield code="g">CAPITULO 5:</subfield>
    <subfield code="t">Israel busca soluci&#xF3;n. </subfield>
  </datafield>
  <datafield tag="534" ind1=" " ind2=" ">
    <subfield code="p">Prophetic conflict.</subfield>
    <subfield code="c">T&#xED;tulo original:</subfield>
  </datafield>
  <datafield tag="563" ind1=" " ind2=" ">
    <subfield code="a">R&#xFA;stico.</subfield>
  </datafield>
  <datafield tag="630" ind1=" " ind2="7">
    <subfield code="a">Biblia.</subfield>
    <subfield code="p">Profetas</subfield>
    <subfield code="x">Cr&#xED;tica, interpretaci&#xF3;n, etc.</subfield>
  </datafield>
  <datafield tag="650" ind1=" " ind2="7">
    <subfield code="9">320</subfield>
    <subfield code="a">Teolog&#xED;a b&#xED;blica</subfield>
  </datafield>
  <datafield tag="700" ind1=" " ind2=" ">
    <subfield code="9">1615</subfield>
    <subfield code="a">Abrego, Maria Jos&#xE9;.</subfield>
    <subfield code="e">traductor.</subfield>
  </datafield>
  <datafield tag="942" ind1=" " ind2=" ">
    <subfield code="c">BK</subfield>
  </datafield>
</record>
